Introduction to urban water distribution

Saved in:
Bibliographic Details
Main Author: Trifunovic
Format: Book
Published: 2006
Tags: Add Tag
No Tags, Be the first to tag this record!
Call Number :

MARC

LEADER 00000pam a2200000 4500
001 29032
003 MY-KLNDU
005 20241218082721.0
020 0 0 |a 9780415395175 
035 |a 0000036288 
039 9 |a 200911181223  |b VLOAD  |y 200910091818  |z VLOAD 
100 0 0 |a Trifunovic 
245 0 0 |a Introduction to urban water distribution 
260 0 0 |a 2006 
591 |a 0000006946  |b 12/12/08  |c 0198-07  |d 1  |e RM584.99  |f 1  |g 584.99  |h YUHA Associates Sdn.Bhd 
999 |a vtls000039054  |c 29032  |d 29032